000
00263nam a22001097a 4500
008
170125b xxu||||| |||| 00| 0 eng d
020
_a
9780781733922
041
_a
eng
080
_2
2ND
_a
61
245
_a
FAMILY PRACTICE BOARD REVIEW
_c
BRATTON, R.L
942
_2
udc
_c
BK
999
_c
3656
_d
3656